| 000 | 01782cam a22004694i 4500 | ||
|---|---|---|---|
| 003 | PE-LiUPU | ||
| 005 | 20250731173138.0 | ||
| 008 | 150623s r 000 0 d | ||
| 020 | _a0802833934 | ||
| 035 | _a(Sirsi) i9780802833938 | ||
| 040 |
_aPE-LiUPU _bspa _cPE-LiUPU _erda |
||
| 049 | _aPRUA | ||
| 082 | 0 | 4 |
_a236 _bB39 _221 |
| 100 | 1 |
_aBerkouwer, G. C., _d1903- _qGerrit Cornelius, _eautor. |
|
| 245 | 1 | 4 |
_aThe return of Christ / _cGerrit Cornelis Berkouwer. |
| 264 | 1 |
_aGrand Rapids, Michigan : _bWilliam B. Eerdmans Publishing Company, _c1978. |
|
| 300 |
_a477 páginas ; _c22 centímetros |
||
| 336 |
_atext _2rdacontent |
||
| 337 |
_aunmediated _2rdamedia |
||
| 338 |
_avolume _2rdacarrier |
||
| 504 | _aIncluye bibliografía. | ||
| 505 | 0 | _aExpectation of the future. Twofold expectation?. Crisis of delay?. The meaning of the "time between". The reality of the parousia. Resurrection. The new earth. Signs of the times. The antichrist. The millennium. Israel as sign?. Visio dei. Apocatastasis?. The coming of the kingdom. | |
| 526 | _aSEG42 | ||
| 526 | _aSEG41 | ||
| 526 | _aSEG40 | ||
| 526 | _aSEG39 | ||
| 526 | _aP94 | ||
| 526 | _aP87 | ||
| 526 | _aP86 | ||
| 526 | _aP85 | ||
| 526 | _aP77 | ||
| 526 | _aP76 | ||
| 526 | _aP35 | ||
| 650 | 0 | 4 |
_aJesucristo _xRealeza. |
| 650 | 0 | 4 | _aSegundo advenimiento. |
| 942 |
_2ddc _cBOOK |
||
| 949 |
_a236 B39 _wDEWEY _c1 _i52364 _lCCODEBUL1 _mBUL _p7.00 _r0 _sY _tBOOK _u2015-6-24 _xTEOLOGIA _PP35 _0COMPRA _o.STAFF. Colección General |
||
| 994 |
_aC0 _bPEPRU |
||
| 596 | _a1 | ||
| 999 |
_a236 B39 _wDEWEY _c34188 _i52364 _f2021-11-10 _g5 _lCCODEBUL1 _mBUL _p7.00 _r0 _sY _tBOOK _u2015-6-24 _xTEOLOGIA _PP35 _0COMPRA _o.STAFF. Colección General _d34188 |
||
| 980 |
_81 _gALBERTO SANCHEZ Responsable de Automatización |
||